00340nam a2200133Ia 4500008004100000020001500041041001200056100001700068245005500085250000800140260003900148300000800187650001100195221030s9999 xx 000 0 und d a8131720936 aEnglish aW. Stallings 0aWireless Communication & Networkscby W. Stallings a2nd bPearson EducationaNew Delhic2013 a596 aBB ECE